000 00743nam a22001817a 4500
005 20180731124725.0
010 _aB-701135
020 _a981316627310
_c395.00
035 _aB-701135
037 _adpl
_bR.K. Books
082 _a488.24
245 _aCambridge English IELTS 11:
_bgeneral training with answer authentic examination papers
260 _aNew Delhi
_bCambridge University Press
_c2017
270 _aJasola District Centre, Jasola,
_bNew Delhi
_e110025
300 _a144p. :
_c23cm(pbk)
_eIncluded CD-ROM
942 _2ddc
_cEN
_mCAM
_h488.24
999 _c155109
_d155109